[Event "Elit(LASK-Eksjo)"]
[Site "?"]
[Date "2020.02.02"]
[Round "4"]
[White "Ahlander, Bjorn"]
[Black "Vernersson, Per"]
[Result "0-1"]
[WhiteElo "2418"]
[BlackElo "2264"]
[PlyCount "124"]
1. d4 d5 2. c4 e6 3. Nc3 Be7 4. Nf3 Nf6 5. g3 O-O 6. Bg2 dxc4 7. Ne5 Nc6 8.
Bxc6 bxc6 9. Nxc6 Qe8 10. Nxe7+ Qxe7 11. Qa4 c5 12. dxc5 Qxc5 13. Be3 Qc7 14.
O-O-O Bb7 15. f3 Nd5 16. Bd4 a5 17. Nxd5 exd5 18. Qc2 Rfe8 19. Qc3 f6 20. e3 a4
21. a3 Bc6 22. g4 Rab8 23. g5 Rb3 24. Qc2 fxg5 25. Rhg1 Rbxe3 26. Rxg5 Re2 27.
Qf5 R8e7 28. h4 Qd7 29. Qf4 Rf7 30. Qg3 Ree7 31. h5 c3 32. Bxc3 Qe6 33. Re1 Qd7
34. Bd4 Rxe1+ 35. Qxe1 Bb5 36. Kb1 h6 37. Rg3 Bd3+ 38. Ka1 Qc7 39. Rg1 Qf4 40.
Qc3 Qxf3 41. b3 Qe2 42. Rc1 axb3 43. Qxb3 Bc4 44. Qb8+ Rf8 45. Qb2 Rf1 46. Qxe2
Rxc1+ 47. Kb2 Bxe2 48. Kxc1 Bxh5 49. Kd2 Be8 50. Ke3 g5 51. Bc5 Kf7 52. Kd4 Ke6
53. Bb4 Bb5 54. Bd2 Bc4 55. a4 Kf5 56. a5 h5 57. a6 Bxa6 58. Kxd5 h4 59. Bb4
Kf4 60. Kd4 h3 61. Bd6+ Kf3 62. Kc3 g4 0-1

[Event "Elit(Wasa-Vasteras)"]
[Site "?"]
[Date "2020.02.02"]
[Round "4"]
[White "Norberg, Johan"]
[Black "Astrom, Goran"]
[Result "1/2-1/2"]
[WhiteElo "2304"]
[BlackElo "2222"]
[PlyCount "52"]
[EventDate "2020.??.??"]
1. e4 c5 2. Nf3 e6 3. d3 Nc6 4. Qe2 g6 5. g3 Bg7 6. Bg2 Nge7 7. O-O O-O 8. c3
d6 9. Na3 Rb8 10. Nc2 b5 11. d4 cxd4 12. cxd4 d5 13. e5 b4 14. b3 Qb6 15. Re1
a5 16. Bf4 h6 17. h4 Ba6 18. Qd2 Kh7 19. Bh3 Rbc8 20. Ne3 Ng8 21. Rac1 Nce7 22.
Rxc8 Rxc8 23. h5 Rc3 24. Rc1 Rxc1+ 25. Qxc1 Bd3 26. Ne1 Ba6 1/2-1/2

[Event "Elit(LASK-Eksjo)"]
[Site "?"]
[Date "2020.02.02"]
[Round "4"]
[White "Rothen, Hakan"]
[Black "Mauritsson, Sebastian"]
[Result "0-1"]
[WhiteElo "2252"]
[BlackElo "2362"]
[PlyCount "88"]
1. d4 d5 2. Nf3 Nf6 3. Bf4 c5 4. e3 Nc6 5. c3 cxd4 6. exd4 Bf5 7. Bd3 Bxd3 8.
Qxd3 e6 9. Nbd2 Bd6 10. Bxd6 Qxd6 11. O-O O-O 12. Rae1 Nd7 13. Ng5 Nf6 14. f4
Ne7 15. g3 Qb6 16. b3 Rac8 17. Ngf3 Rc7 18. Ne5 Rfc8 19. c4 dxc4 20. Ndxc4 Qa6
21. a4 Rd8 22. g4 Nc6 23. Nxc6 Qxc6 24. g5 Nd5 25. Rd1 Ne7 26. Rfe1 Ng6 27. Ne5
Qc3 28. Nxg6 hxg6 29. Re3 Qc6 30. Qd2 Qd5 31. Qg2 Qf5 32. Qf3 Rcd7 33. Red3 Rc7
34. Re3 Qc2 35. Red3 Rd5 36. R3d2 Qf5 37. Kg2 Rd8 38. h3 Rdc8 39. d5 Rc3 40.
Rd3 Rc2+ 41. Kg3 e5 42. Re1 exf4+ 43. Kh4 f6 44. Rg1 Kf7 0-1

[Event "Elit(Wasa-Vasteras)"]
[Site "?"]
[Date "2020.02.02"]
[Round "4"]
[White "Wedberg, Tom"]
[Black "Landgren, Andreas"]
[Result "1-0"]
[WhiteElo "2410"]
[BlackElo "2239"]
[PlyCount "95"]
[EventDate "2020.??.??"]
1. e4 c5 2. Nf3 d6 3. d4 cxd4 4. Nxd4 Nf6 5. Nc3 a6 6. Bg5 Nbd7 7. Bc4 Qb6 8.
Bb3 e6 9. Qd2 Be7 10. O-O-O Nc5 11. Rhe1 Bd7 12. f4 h6 13. Bxf6 Bxf6 14. Kb1
O-O-O 15. Qe3 Nxb3 16. axb3 Bc6 17. Rd3 Rd7 18. Qd2 Rhd8 19. g3 g6 20. Nxc6
Qxc6 21. Nd5 exd5 22. e5 Bxe5 23. fxe5 Qb6 24. e6 fxe6 25. Rxe6 Rf7 26. Rxg6
Rf1+ 27. Ka2 Qg1 28. b4 Ra1+ 29. Kb3 Kb8 30. Rxd5 Rc8 31. Rgxd6 Qb1 32. Rc5
Qa2+ 33. Kc3 Rxc5+ 34. bxc5 Rb1 35. b3 Qa5+ 36. Kc4 Qb5+ 37. Kd4 Qf1 38. Qf4
Qd1+ 39. Kc3 Qe1+ 40. Qd2 Qe5+ 41. Qd4 Qe1+ 42. Kc4 Qe2+ 43. Qd3 Qg4+ 44. Rd4
Qe6+ 45. Kb4 Ka7 46. Qe4 Qc8 47. Qg6 a5+ 48. Kb5 1-0

[Event "Elit(LASK-Eksjo)"]
[Site "?"]
[Date "2020.02.02"]
[Round "4"]
[White "Kucuksari, Kaan"]
[Black "Malesevic, Nedeljko"]
[Result "1-0"]
[WhiteElo "2308"]
[BlackElo "2257"]
[PlyCount "67"]
1. d4 d5 2. Nf3 Nf6 3. c4 e6 4. g3 Be7 5. Bg2 O-O 6. O-O Ne4 7. Nfd2 Nxd2 8.
Bxd2 dxc4 9. Bc3 Nd7 10. a4 Nb6 11. a5 Nd5 12. Nd2 b5 13. axb6 cxb6 14. Nxc4
Bb7 15. Qd3 a5 16. Ne3 Ba6 17. Qd2 Ra7 18. Nxd5 exd5 19. b4 Bc4 20. bxa5 b5 21.
Rfb1 f5 22. e3 g5 23. Bb4 f4 24. exf4 gxf4 25. Ra3 Bxb4 26. Qxb4 Kh8 27. Re1
Raf7 28. a6 Qf6 29. Bf3 fxg3 30. hxg3 Qxd4 31. a7 Ra8 32. Re7 Qf6 33. Rxf7 Qxf7
34. Qd6 1-0

[Event "Elit(Stockholms SS-Burgsvik)"]
[Site "?"]
[Date "2020.02.02"]
[Round "4"]
[White "Andersson, Tommy"]
[Black "Westerberg, Jonathan"]
[Result "0-1"]
[WhiteElo "2396"]
[BlackElo "2556"]
[PlyCount "118"]
[SourceDate "2020.02.11"]
1. d4 Nf6 2. c4 c5 3. d5 g6 4. Nc3 Bg7 5. e4 d6 6. f3 O-O 7. Be3 e6 8. Nge2
exd5 9. cxd5 a6 10. a4 Nbd7 11. Ng3 h5 12. Be2 Rb8 13. O-O Re8 14. Nh1 Nh7 15.
Nf2 Ndf8 16. Qd2 Bd7 17. a5 f5 18. Bd3 Qe7 19. Rfe1 Qf7 20. Kh1 Kh8 21. f4 Rbc8
22. exf5 gxf5 23. Nh3 Re7 24. Bf2 Rce8 25. Rxe7 Rxe7 26. Rf1 Ng6 27. Be2 Nf6
28. Ng5 Qe8 29. h3 Nf8 30. Bd3 Qd8 31. Bxc5 Qxa5 32. Bxd6 Re8 33. Qd1 Ng6 34.
Be5 Qb6 35. d6 Ng4 36. hxg4 hxg4 37. Qe1 Bxe5 38. fxe5 Kg7 39. Qf2 Qxf2 40.
Rxf2 Nxe5 41. Bc2 Nc4 42. Bb3 Nxd6 43. Rd2 Re1+ 44. Kh2 f4 45. g3 Bc6 46. gxf4
Rh1+ 47. Kg3 Nf5+ 48. Kxg4 Ne3+ 49. Kg3 Nf1+ 50. Kg4 Nxd2 51. Be6 Kf6 52. Bc8
Rg1+ 53. Kh5 a5 54. Nh7+ Kg7 55. Ng5 Nf3 56. Nxf3 Bxf3+ 57. Kh4 Kf6 58. Nb5 Rg8
59. Bh3 Bc6 0-1

[Event "Elit(Rockaden, Sthlm-Farsta)"]
[Site "?"]
[Date "2020.02.02"]
[Round "4"]
[White "Urkedal, Frode"]
[Black "Neiksans, Arturs"]
[Result "1/2-1/2"]
[WhiteElo "2528"]
[BlackElo "2560"]
[PlyCount "91"]
1. d4 Nf6 2. c4 e6 3. Nf3 b6 4. g3 Bb7 5. Bg2 Bb4+ 6. Bd2 a5 7. O-O O-O 8. Bf4
Be7 9. Nc3 Ne4 10. Qc2 Nxc3 11. Qxc3 f5 12. d5 Bf6 13. Be5 Na6 14. dxe6 d6 15.
Bxf6 Qxf6 16. Qxf6 Rxf6 17. Nd4 Bxg2 18. Kxg2 Re8 19. e3 Nc5 20. h4 Nxe6 21.
Nb5 Rf7 22. b3 Nc5 23. Rab1 Ne4 24. Rfd1 Kf8 25. Rbc1 g6 26. Rc2 Kg7 27. a3 Ra8
28. Nc3 Nxc3 29. Rxc3 Kf6 30. Kf3 Re7 31. Rd4 Rae8 32. b4 Re5 33. Rd2 h6 34.
Rb2 g5 35. hxg5+ hxg5 36. c5 axb4 37. axb4 dxc5 38. bxc5 g4+ 39. Ke2 Rxc5 40.
Rxc5 bxc5 41. Rc2 Re5 42. f4 gxf3+ 43. Kxf3 Ke6 44. Rc3 Kf6 45. Rc4 Kg5 46. Ra4
1/2-1/2

[Event "Elit(Limhamn-Vaxjo)"]
[Site "?"]
[Date "2020.02.02"]
[Round "4"]
[White "Solodovnichenko, Yuri"]
[Black "Brynell, Stellan"]
[Result "1/2-1/2"]
[WhiteElo "2574"]
[BlackElo "2409"]
[PlyCount "72"]
[SourceDate "2020.02.11"]
1. e4 e5 2. Nf3 d6 3. d4 exd4 4. Nxd4 Nf6 5. Nc3 Be7 6. Bf4 O-O 7. Qd2 Nc6 8.
O-O-O Nxd4 9. Qxd4 Be6 10. Kb1 a6 11. Qd2 b5 12. f3 c6 13. Bxd6 Bxd6 14. Qxd6
Qa5 15. a3 Rfd8 16. Qb4 Qc7 17. Qc5 Rxd1+ 18. Nxd1 Nd7 19. Qe3 a5 20. Be2 b4
21. Nf2 Rb8 22. g3 Nb6 23. Rd1 Na4 24. axb4 axb4 25. Kc1 Qa5 26. f4 Nc3 27. Rd6
b3 28. Bd3 Na2+ 29. Kd1 Nc3+ 30. Kc1 Na2+ 31. Kd1 Bg4+ 32. Nxg4 Nc3+ 33. Kc1
Na2+ 34. Kd1 Nc3+ 35. Kc1 Na2+ 36. Kd1 Nc3+ 1/2-1/2

[Event "Elit(Stockholms SS-Burgsvik)"]
[Site "?"]
[Date "2020.02.02"]
[Round "4"]
[White "Hauge, Lars Oskar"]
[Black "Persson, Mats"]
[Result "1-0"]
[WhiteElo "2493"]
[BlackElo "2300"]
[PlyCount "49"]
[EventDate "2020.??.??"]
1. e4 e5 2. Nc3 Nf6 3. Bc4 Nxe4 4. Qh5 Nd6 5. Bb3 Be7 6. Qxe5 O-O 7. d4 Nc6 8.
Qf4 b6 9. Be3 Na5 10. Nf3 Ndc4 11. Nd5 Bb7 12. Nxe7+ Qxe7 13. O-O d6 14. Rfe1
Qd7 15. c3 Rae8 16. Bc2 Bxf3 17. Qxf3 d5 18. Bf5 Qc6 19. Qh3 g6 20. Bd3 Rxe3
21. Rxe3 Qd6 22. Re2 c5 23. b3 Na3 24. dxc5 bxc5 25. Rd1 1-0

[Event "Elit(Rockaden, Sthlm-Farsta)"]
[Site "?"]
[Date "2020.02.02"]
[Round "4"]
[White "Bjerre, Jonas Buhl"]
[Black "Livner, Anders"]
[Result "1-0"]
[WhiteElo "2535"]
[BlackElo "2371"]
[PlyCount "61"]
[EventDate "2020.??.??"]
[SourceDate "2020.02.11"]
1. e4 c6 2. d4 d5 3. e5 Bf5 4. Nd2 e6 5. Nb3 Nd7 6. Nf3 Ne7 7. Be2 h6 8. O-O
Qc7 9. Bd2 a6 10. Rc1 c5 11. c4 dxc4 12. Nxc5 b5 13. b3 Nxc5 14. dxc5 cxb3 15.
Qxb3 Nc6 16. a4 b4 17. Be3 Be4 18. Nd2 Bd5 19. Bc4 Qxe5 20. Bxd5 Qxd5 21. Nc4
Bxc5 22. Rfd1 Nd4 23. Bxd4 Bxd4 24. Qxb4 Bc5 25. Qc3 Qg5 26. Nd2 Rd8 27. Qxc5
Rxd2 28. Qc6+ Kf8 29. Qa8+ Ke7 30. Qxh8 Qc5 31. Rf1 1-0

[Event "Elit(Limhamn-Vaxjo)"]
[Site "?"]
[Date "2020.02.02"]
[Round "4"]
[White "Lindgren, Philip"]
[Black "Christiansen, Johan-Sebastian"]
[Result "0-1"]
[WhiteElo "2600"]
[BlackElo "2356"]
[PlyCount "70"]
1. Nf3 d5 2. d4 Nf6 3. c4 e6 4. g3 Be7 5. Bg2 O-O 6. O-O c6 7. Qc2 b6 8. Rd1
Bb7 9. Nc3 Nbd7 10. Bf4 Nh5 11. Bc1 Nhf6 12. b3 Ba6 13. Ne5 Nxe5 14. dxe5 Ng4
15. Bb2 Qb8 16. cxd5 cxd5 17. Nxd5 exd5 18. Bxd5 Bb7 19. Qe4 Bxd5 20. Rxd5 Qc8
21. Rc1 Qe6 22. Rc4 Nh6 23. Rc7 Bc5 24. Kg2 Ng4 25. Qf3 a5 26. e3 Rad8 27. Rxd8
Rxd8 28. h3 Nh6 29. Qe4 Nf5 30. Rc6 Qd7 31. e6 fxe6 32. Rxe6 Nxe3+ 33. Kh2 Nf1+
34. Kg2 Rf8 35. Qc4 Rxf2+ 0-1

[Event "Elit(Stockholms SS-Burgsvik)"]
[Site "?"]
[Date "2020.02.02"]
[Round "4"]
[White "Krupenski, Juri"]
[Black "Ertan, Can"]
[Result "1-0"]
[WhiteElo "2386"]
[BlackElo "2387"]
[PlyCount "57"]
1. d4 Nf6 2. c4 e6 3. g3 d5 4. Nf3 dxc4 5. Bg2 Bb4+ 6. Bd2 a5 7. O-O c6 8. a4
O-O 9. Bg5 b5 10. Nc3 Bxc3 11. bxc3 Nbd7 12. e4 h6 13. Bxf6 Nxf6 14. Ne5 Qc7
15. Rb1 Rb8 16. Qc1 Nd7 17. Ng4 f5 18. Ne3 fxe4 19. Bxe4 e5 20. d5 Nf6 21. Qc2
Nxe4 22. Qxe4 Bb7 23. Qg4 Rbd8 24. Rfd1 Qf7 25. Qe6 Qxe6 26. dxe6 Rxd1+ 27.
Rxd1 b4 28. Nxc4 bxc3 29. Nd6 1-0

[Event "Elit(Rockaden, Sthlm-Farsta)"]
[Site "?"]
[Date "2020.02.02"]
[Round "4"]
[White "Lundin, Jan"]
[Black "Blomqvist, Erik"]
[Result "0-1"]
[WhiteElo "2350"]
[BlackElo "2539"]
[PlyCount "84"]
1. e4 c5 2. Nf3 d6 3. d4 cxd4 4. Nxd4 Nf6 5. Nc3 Nc6 6. Bc4 Qb6 7. Nb3 e6 8.
O-O Be7 9. Be3 Qc7 10. Be2 O-O 11. f4 a6 12. a4 b6 13. Bf3 Bb7 14. Rf2 Nd7 15.
Rd2 Rfd8 16. Qe1 Rab8 17. Rad1 Ba8 18. Be2 Nc5 19. Nxc5 bxc5 20. b3 Nb4 21. Bf3
c4 22. Ne2 c3 23. Rd3 Nxd3 24. Rxd3 d5 25. e5 d4 26. Nxd4 Bxf3 27. gxf3 Rbc8
28. Bf2 Rd5 29. Qe4 Rcd8 30. Kf1 g6 31. Be1 Qb6 32. Bxc3 Bc5 33. a5 Qc7 34. Bb2
Qxa5 35. Nc6 Rxd3 36. Nxa5 Rd1+ 37. Kg2 R8d2+ 38. Kh3 Rh1 39. Qa8+ Kg7 40. f5
Rhxh2+ 41. Kg3 Rdg2+ 42. Kf4 Rh4# 0-1

[Event "Elit(Limhamn-Vaxjo)"]
[Site "?"]
[Date "2020.02.02"]
[Round "4"]
[White "Lindberg, Bengt"]
[Black "Hector, Jonny"]
[Result "1/2-1/2"]
[WhiteElo "2401"]
[BlackElo "2481"]
[PlyCount "140"]
1. e4 e5 2. Nf3 Nc6 3. Bb5 a6 4. Ba4 Nf6 5. O-O Be7 6. Re1 b5 7. Bb3 Bb7 8. d3
O-O 9. Nc3 d6 10. a3 Qd7 11. Nd5 Nxd5 12. Bxd5 Nd8 13. Bxb7 Nxb7 14. d4 exd4
15. Nxd4 Rfe8 16. Nf5 Bf8 17. Qg4 Qe6 18. Bd2 Nc5 19. b4 Nd7 20. Bc3 Ne5 21.
Qh3 f6 22. Qg3 Kh8 23. f4 Nc4 24. Nd4 Qf7 25. f5 d5 26. Ne6 dxe4 27. Qxc7 Qh5
28. Nxf8 Rxf8 29. Rxe4 Qxf5 30. Re7 Qg5 31. h4 Qg4 32. Qd7 Qg3 33. Be1 Qg6 34.
Qd3 Rfe8 35. Rxe8+ Qxe8 36. Bf2 Rd8 37. Qg3 Qe4 38. Qc3 Rd2 39. Re1 Qa8 40. a4
h6 41. axb5 axb5 42. Qg3 Ne5 43. Be3 Rxc2 44. Bd4 Qd5 45. Bxe5 fxe5 46. Rxe5
Rxg2+ 47. Qxg2 Qxe5 48. Qg4 h5 49. Qg6 Qd4+ 50. Kg2 Qxh4 51. Qe8+ Kh7 52. Qxb5
Qe4+ 53. Kh2 Kg6 54. Qb8 Qe2+ 55. Kh1 Qd1+ 56. Kh2 Qd2+ 57. Kh1 Qd5+ 58. Kg1
Qd4+ 59. Kh1 Kf5 60. b5 Qd1+ 61. Kg2 Qc2+ 62. Kf1 Qc4+ 63. Kg1 Qc5+ 64. Kf1 Qe5
65. Qc8+ Qe6 66. Qc2+ Kf6 67. Qf2+ Ke7 68. Qc5+ Kd7 69. Qxh5 Qc4+ 70. Kg1 Qc1+
1/2-1/2

[Event "Elit(Stockholms SS-Burgsvik)"]
[Site "?"]
[Date "2020.02.02"]
[Round "4"]
[White "Seo, Jung Min"]
[Black "Linusson, Pelle"]
[Result "1/2-1/2"]
[WhiteElo "2448"]
[BlackElo "2249"]
[PlyCount "56"]
[EventDate "2020.??.??"]
1. d4 Nf6 2. c4 g6 3. Nc3 d5 4. Nf3 Bg7 5. Qb3 dxc4 6. Qxc4 O-O 7. e4 a6 8. e5
b5 9. Qb3 Nfd7 10. e6 fxe6 11. Be3 Nf6 12. h4 Qd6 13. Ng5 Nc6 14. O-O-O Nb4 15.
Kb1 Nbd5 16. Nge4 Qb4 17. Qc2 Nxe4 18. Nxe4 Nxe3 19. fxe3 e5 20. a3 Qa4 21.
Qxa4 bxa4 22. Bc4+ Kh8 23. Ng5 Bg4 24. Rde1 h6 25. Nf7+ Kh7 26. Ng5+ Kh8 27.
Nf7+ Kh7 28. Ng5+ Kh8 1/2-1/2

[Event "Elit(Rockaden, Sthlm-Farsta)"]
[Site "?"]
[Date "2020.02.02"]
[Round "4"]
[White "Wiedenkeller, Michael"]
[Black "Degerman, Lars"]
[Result "1-0"]
[WhiteElo "2458"]
[BlackElo "2434"]
[PlyCount "77"]
1. c4 c5 2. Nf3 Nf6 3. Nc3 Nc6 4. e3 e6 5. d4 d5 6. cxd5 Nxd5 7. Bd3 Be7 8. O-O
O-O 9. a3 Nxc3 10. bxc3 b6 11. Bb2 Bb7 12. e4 Na5 13. Qe2 Qc7 14. Rac1 Rad8 15.
Rfe1 Rfe8 16. Bb1 Bf8 17. Ba2 Qc8 18. Ne5 f6 19. Nf3 Ba6 20. Qd1 Bc4 21. Bb1
Bb3 22. Qe2 Bc4 23. Qd1 Qd7 24. Nd2 Qb5 25. Qc2 cxd4 26. cxd4 Bd3 27. Qxd3 Qxb2
28. Nf3 Qxa3 29. Rc3 Qa4 30. e5 f5 31. Rec1 Bc5 32. Bc2 Qa2 33. Qb5 a6 34. Qxa6
Qb2 35. Ba4 Ra8 36. Qf1 Bb4 37. R3c2 Qa3 38. Bxe8 Rxe8 39. Qb5 1-0

[Event "Elit(Limhamn-Vaxjo)"]
[Site "?"]
[Date "2020.02.02"]
[Round "4"]
[White "Jepson, Christian"]
[Black "Alle Wahlin, Ambjorn"]
[Result "1-0"]
[WhiteElo "2384"]
[BlackElo "2257"]
[PlyCount "169"]
1. Nf3 d5 2. g3 Nf6 3. Bg2 e6 4. O-O Be7 5. c4 O-O 6. b3 c5 7. Bb2 Nc6 8. e3 b6
9. Qe2 Bb7 10. d3 dxc4 11. bxc4 Qc7 12. Nc3 Rfd8 13. Rfd1 a6 14. Ne1 Na7 15. a4
Bxg2 16. Nxg2 Ne8 17. f4 Nd6 18. Qg4 Bf8 19. Qf3 Qc6 20. Kf2 Qe8 21. Ne1 b5 22.
axb5 axb5 23. cxb5 Naxb5 24. Nxb5 Nxb5 25. Rxa8 Rxa8 26. Ra1 Rc8 27. Qe2 c4 28.
dxc4 Nd6 29. Rc1 Qc6 30. Nf3 Qa6 31. Be5 Ne4+ 32. Kf1 Bb4 33. Bd4 f6 34. c5 Qc6
35. Kg1 Qd5 36. Qc4 Bxc5 37. Qxd5 exd5 38. Ne1 Rc7 39. Nd3 Bd6 40. Rxc7 Bxc7
41. Nb4 Bd6 42. Nxd5 f5 43. Nb6 Kf7 44. Kg2 g6 45. Kf3 h5 46. h3 Ke6 47. g4
hxg4+ 48. hxg4 Nd2+ 49. Ke2 Ne4 50. Kf3 Nd2+ 51. Ke2 Ne4 52. g5 Bc7 53. Na4 Kd5
54. Kd3 Ba5 55. Bb6 Bb4 56. Ba7 Ba5 57. Bd4 Nf2+ 58. Ke2 Ne4 59. Nb2 Bc7 60.
Kd3 Nf2+ 61. Ke2 Ne4 62. Bh8 Bd6 63. Nd3 Kc4 64. Ne1 Kd5 65. Nf3 Ke6 66. Kd3
Nf2+ 67. Kd4 Bb8 68. Kc4 Nh3 69. Bd4 Bd6 70. Nh4 Kf7 71. Kd5 Bc7 72. Nf3 Kg8
73. Ke6 Kh7 74. Kf7 Bd6 75. Kf6 Bc7 76. Ke7 Nf2 77. Nh4 Ne4 78. Kd7 Ba5 79. Ke6
Be1 80. Nf3 Bb4 81. Ne5 Ba3 82. Nd7 Kg8 83. Nf6+ Nxf6 84. gxf6 Kf8 85. Be5 1-0

[Event "Elit(Stockholms SS-Burgsvik)"]
[Site "?"]
[Date "2020.02.02"]
[Round "4"]
[White "Haitin, Ilja"]
[Black "Lokander, Martin"]
[Result "1/2-1/2"]
[WhiteElo "2349"]
[BlackElo "2399"]
[PlyCount "34"]
[EventDate "2020.??.??"]
[SourceDate "2020.02.06"]
1. e4 e5 2. Nf3 Nc6 3. Nc3 Nf6 4. d4 exd4 5. Nxd4 Bb4 6. Nxc6 bxc6 7. Bd3 d5 8.
exd5 O-O 9. O-O cxd5 10. Bg5 Be6 11. Ne2 c5 12. c3 Ba5 13. Qa4 Bc7 14. Qh4 h6
15. Bxf6 Qxf6 16. Qxf6 gxf6 17. b4 Bd6 1/2-1/2

[Event "Elit(Rockaden, Sthlm-Farsta)"]
[Site "?"]
[Date "2020.02.02"]
[Round "4"]
[White "Ong, Kezli"]
[Black "Hedman, Erik"]
[Result "0-1"]
[WhiteElo "2281"]
[BlackElo "2376"]
[PlyCount "122"]
1. e4 c6 2. d4 d5 3. Nc3 dxe4 4. Nxe4 Nf6 5. Nxf6+ exf6 6. c3 Bd6 7. Bd3 O-O 8.
Qc2 Re8+ 9. Ne2 h5 10. Be3 Nd7 11. O-O-O Nf8 12. Rhe1 Be6 13. Kb1 b5 14. Be4
Qd7 15. Ka1 Bd5 16. Bxd5 cxd5 17. Nf4 Bxf4 18. Bxf4 Ng6 19. Bc1 a6 20. f3 Nh4
21. h3 Rxe1 22. Rxe1 Re8 23. Rxe8+ Qxe8 24. Qf2 g5 25. f4 Qe4 26. fxg5 fxg5 27.
Bxg5 Nxg2 28. Bd2 Nh4 29. a3 Kg7 30. Ka2 Ng6 31. Qg3 h4 32. Qg5 Qf3 33. Qh6+
Kg8 34. Bg5 a5 35. a4 bxa4 36. Bxh4 Qxh3 37. Bg5 Qf1 38. Qh2 Qc4+ 39. Ka1 Qf1+
40. Ka2 Qc4+ 41. Ka1 a3 42. Bd8 axb2+ 43. Qxb2 f5 44. Bxa5 Qa4+ 45. Qa2 Qxa2+
46. Kxa2 f4 47. Bc7 f3 48. Bg3 Ne7 49. Kb3 Nf5 50. Bf2 Nd6 51. Kc2 Kf7 52. Kb3
Ke6 53. Kb4 Kf5 54. Be1 Ke4 55. Kc5 Nc4 56. Bh4 Ne3 57. Be1 Kd3 58. Bf2 Nd1 59.
Be1 Nxc3 60. Bh4 Ke4 61. Be1 Nd1 0-1

[Event "Elit(Limhamn-Vaxjo)"]
[Site "?"]
[Date "2020.02.02"]
[Round "4"]
[White "Rydstrom, Tom"]
[Black "Penalver, Osmani"]
[Result "1-0"]
[WhiteElo "2248"]
[BlackElo "2250"]
[PlyCount "89"]
1. c4 Nf6 2. Nc3 e5 3. Nf3 Nc6 4. e3 d5 5. cxd5 Nxd5 6. Qc2 Ndb4 7. Qb1 Be7 8.
Be2 O-O 9. a3 Nd5 10. b4 Nxc3 11. dxc3 Bf6 12. O-O Be6 13. e4 Qe7 14. Be3 Rfd8
15. Rd1 b6 16. Qc2 Rxd1+ 17. Rxd1 Rd8 18. h3 Rxd1+ 19. Qxd1 Qd7 20. Qc2 Nd8 21.
Ng5 h6 22. Nxe6 Nxe6 23. Bg4 Bg5 24. Bxg5 hxg5 25. g3 Kf8 26. Qc1 f6 27. Qf1
Ke7 28. Qa6 Qc6 29. Qxa7 Qxc3 30. Qa8 Nd4 31. Qd5 Qc1+ 32. Kh2 Qc6 33. Qg8 Qe8
34. Qxg7+ Qf7 35. Qh8 Qa2 36. Kg2 Nc2 37. Bh5 Qe6 38. Qe8+ Kd6 39. Qd8+ Kc6 40.
Bg4 Qf7 41. h4 gxh4 42. gxh4 Nd4 43. h5 f5 44. h6 fxe4 45. Qd7+ 1-0

[Event "Elit(Stockholms SS-Burgsvik)"]
[Site "?"]
[Date "2020.02.02"]
[Round "4"]
[White "Cederstam Barsk, Carl"]
[Black "Andersson, Bjorn"]
[Result "1-0"]
[WhiteElo "2353"]
[BlackElo "2153"]
[PlyCount "69"]
[EventDate "2020.??.??"]
1. d4 Nf6 2. c4 g6 3. Nf3 Bg7 4. Nc3 d6 5. e4 O-O 6. Be2 c5 7. O-O Bg4 8. Be3
Na6 9. Rc1 b6 10. h3 Bxf3 11. Bxf3 cxd4 12. Bxd4 e5 13. Be3 Nc7 14. Qd2 Qd7 15.
Rfd1 Rfd8 16. Bg5 Ne6 17. Nd5 Nxg5 18. Qxg5 Ne8 19. Rd3 h6 20. Qd2 Kh7 21. Bd1
Nf6 22. Nc3 h5 23. Ba4 Qe7 24. Rd1 Rac8 25. Bb5 Bf8 26. Ba6 Rc7 27. Rf3 Ne8 28.
Nd5 Qe6 29. Nxc7 Nxc7 30. Bb7 f6 31. Bd5 Qe7 32. Qc2 Ne8 33. Qa4 Ng7 34. b4 Rd7
35. Rxf6 1-0

[Event "Elit(Rockaden, Sthlm-Farsta)"]
[Site "?"]
[Date "2020.02.02"]
[Round "4"]
[White "Zadruzny, Nicolaj"]
[Black "Hjelm, Niclas"]
[Result "1-0"]
[WhiteElo "2338"]
[BlackElo "2306"]
[PlyCount "133"]
1. e4 e5 2. Nf3 Nc6 3. Bb5 Nf6 4. d3 Bc5 5. c3 O-O 6. O-O d6 7. Ba4 Bb6 8. Bc2
Ne7 9. a4 c6 10. h3 Ng6 11. Re1 h6 12. d4 Nh7 13. Nbd2 Be6 14. Nf1 Ng5 15. Nxg5
hxg5 16. b4 Qf6 17. a5 Bc7 18. d5 Bd7 19. c4 a6 20. Ne3 Nf4 21. Ng4 Qg6 22. g3
Nh5 23. Ne3 Rfe8 24. Nf5 cxd5 25. cxd5 Rac8 26. Bd3 Nf6 27. g4 Bxf5 28. exf5
Qh6 29. Bf1 Bd8 30. Be3 Be7 31. Qd2 Nd7 32. Rac1 Rxc1 33. Qxc1 e4 34. Bg2 Ne5
35. Qc2 Nf3+ 36. Kf1 Nxe1 37. Kxe1 Qf6 38. Bxe4 Qa1+ 39. Ke2 Bf6 40. f3 Qh1 41.
Qc7 Qxh3 42. Qxd6 Qg2+ 43. Kd3 Qf1+ 44. Kd2 Rc8 45. Bc5 Qc4 46. Qd7 Rd8 47.
Qxb7 Be5 48. Qe7 Bf4+ 49. Kd1 Rxd5+ 50. Bxd5 Qxd5+ 51. Ke2 Qc4+ 52. Kf2 Qd5 53.
Qe2 Qc6 54. Qd3 Qc8 55. Bb6 Qc1 56. Qxa6 Qd2+ 57. Qe2 Qxb4 58. Qe8+ Kh7 59.
Qxf7 Qb2+ 60. Kf1 Qa1+ 61. Kg2 Qb2+ 62. Bf2 Be5 63. Qd5 Bf4 64. Qd4 Qa2 65. Qb6
Bd2 66. a6 Be1 67. Qg6+ 1-0

[Event "Elit(Limhamn-Vaxjo)"]
[Site "?"]
[Date "2020.02.02"]
[Round "4"]
[White "Tadjerbashi, Amir"]
[Black "Olofsson-Dolk, Mattis"]
[Result "1/2-1/2"]
[WhiteElo "2199"]
[BlackElo "2218"]
[PlyCount "90"]
1. e4 c5 2. Nf3 d6 3. d4 cxd4 4. Nxd4 Nf6 5. Nc3 a6 6. g3 e5 7. Nb3 Be7 8. Bg2
b5 9. a4 b4 10. Nd5 Nxd5 11. Qxd5 Ra7 12. Be3 Be6 13. Qa5 Qxa5 14. Nxa5 Rc7 15.
Rc1 O-O 16. Bd2 Rfc8 17. Bxb4 Rxc2 18. Rxc2 Rxc2 19. Bc3 Bd8 20. Nb7 Bb6 21.
O-O Bc4 22. Ra1 Rxf2 23. Kh1 Bc7 24. Rc1 Be6 25. Bxe5 dxe5 26. Rxc7 Rxb2 27. h3
Bd7 28. Nc5 Be8 29. Re7 Kf8 30. Rxe5 Nd7 31. Nxd7+ Bxd7 32. Ra5 Ra2 33. Rxa6
Rxa4 34. Rxa4 Bxa4 35. Kg1 Ke7 36. Kf2 Ke6 37. Ke3 Ke5 38. Bf1 Bc6 39. Bd3 g5
40. h4 h6 41. hxg5 hxg5 42. Bc4 f6 43. Bd3 Bd7 44. Bc2 Bc6 45. Bd3 Bb7 1/2-1/2

[Event "Elit(Stockholms SS-Burgsvik)"]
[Site "?"]
[Date "2020.02.02"]
[Round "4"]
[White "Larsson, Victor"]
[Black "Renman, Nils-Gustaf"]
[Result "1/2-1/2"]
[WhiteElo "2186"]
[BlackElo "2319"]
[PlyCount "147"]
[EventDate "2020.??.??"]
1. d4 d5 2. Bf4 c5 3. e3 Nc6 4. c3 Nf6 5. Nd2 e6 6. Ngf3 Nh5 7. Bg5 f6 8. Bh4
g6 9. Be2 cxd4 10. Nxd4 Ng7 11. Bb5 Bd7 12. Qa4 Rc8 13. e4 Bc5 14. O-O Bxd4 15.
cxd4 a6 16. Be2 O-O 17. exd5 Ne7 18. Qb3 Nxd5 19. Bg3 Bc6 20. Rad1 Qd7 21. Qa3
Nf5 22. Ne4 b6 23. Rfe1 a5 24. Rd2 Nb4 25. Bf1 Bxe4 26. Rxe4 Qd5 27. Qf3 e5 28.
Qb3 Qxb3 29. axb3 Nxd4 30. Bc4+ Kg7 31. f4 Rcd8 32. fxe5 Nf3+ 33. gxf3 Rxd2 34.
exf6+ Kxf6 35. Be5+ Kg5 36. Rg4+ Kh5 37. Bf4 Rxf4 38. Rxf4 Nd3 39. Rf7 h6 40.
Rb7 Ne5 41. Rxb6 Nxf3+ 42. Kf1 Nxh2+ 43. Ke1 Nf3+ 44. Kf1 Kg5 45. Be2 Nd4 46.
Bc4 Nf5 47. Ra6 Ne3+ 48. Ke1 Nxc4 49. bxc4 Rxb2 50. Rxa5+ Kf4 51. Ra6 Kf5 52.
Ra3 Rc2 53. Ra5+ Ke4 54. Ra6 Rg2 55. Rd6 h5 56. c5 g5 57. Kd1 Ra2 58. c6 Ra5
59. Rd2 Ra1+ 60. Kc2 Ra6 61. Rd6 Ra8 62. c7 Rc8 63. Rd7 h4 64. Kd2 Kf3 65. Ke1
h3 66. Kf1 h2 67. Rd3+ Kg4 68. Kg2 Rxc7 69. Kxh2 Rc2+ 70. Kg1 Kh4 71. Re3 Kh5
72. Rf3 g4 73. Re3 Kg5 74. Ra3 1/2-1/2

[Event "Elit(Rockaden, Sthlm-Farsta)"]
[Site "?"]
[Date "2020.02.02"]
[Round "4"]
[White "Hedin, Gunnar"]
[Black "Barkhagen, Jonas"]
[Result "0-1"]
[WhiteElo "2112"]
[BlackElo "2430"]
[PlyCount "68"]
1. f4 d5 2. Nf3 g6 3. g3 Bg7 4. Bg2 c6 5. c3 h5 6. d4 Nh6 7. Be3 Nd7 8. Nbd2
Nf6 9. Ne5 Nf5 10. Bf2 Nd6 11. h3 Bf5 12. O-O Nde4 13. Nxe4 Bxe4 14. Nf3 Qc8
15. Re1 Bf5 16. Kh2 Ne4 17. Be3 Nd6 18. b3 Qe6 19. Qc1 Bf6 20. Ng5 Bxg5 21.
fxg5 Be4 22. Bf1 h4 23. g4 f5 24. gxf6 exf6 25. Bf4 g5 26. Be3 f5 27. Bxg5 fxg4
28. hxg4 Qxg4 29. Qf4 Qg3+ 30. Qxg3 hxg3+ 31. Kxg3 Nf5+ 32. Kf4 Rh2 33. e3 Rf2+
34. Ke5 Kf7 0-1